00306nam a2200121Ia 4500008004100000100002600041245005000067260002100117300001200138650001000150942000700160999001700167190216s9999||||xx |||||||||||||| ||und|| aDr.Pravanakumar Meena 0aHindi-Dalith Sahithya Our Samsamayik Sandharb bSanjay Pubc2010 a127 127 aHindi cBK c16902d16902